| 000 | 00514nam a2200193Ia 4500 | ||
|---|---|---|---|
| 005 | 20250923150205.0 | ||
| 008 | 008 250917s9999 xx 000 0 eng d | ||
| 037 | _aTextual | ||
| 040 |
_aDSWL _beng _cDSWL |
||
| 041 |
_aeng _2eng |
||
| 084 | _qDSWL | ||
| 245 | 0 |
_aPolicy windows and livelihood futures _cEd.by John Farrington |
|
| 260 |
_aNew Delhi _b Oxford University Press _c2006 |
||
| 300 | _a512p. | ||
| 365 |
_aINR _b675 . 0 |
||
| 925 | _g675 . 0 | ||
| 942 | _cTEXL | ||
| 999 |
_c1460616 _d1460616 |
||